MARC details
| 000 -LEADER |
| fixed length control field |
02310nam a2200289 i 4500 |
| 003 - CONTROL NUMBER IDENTIFIER |
| control field |
CSPC |
| 005 - DATE AND TIME OF LATEST TRANSACTION |
| control field |
20251023165419.0 |
| 008 - FIXED-LENGTH DATA ELEMENTS--GENERAL INFORMATION |
| fixed length control field |
251022r20012021ii a b 001 0 eng d |
| 020 ## - INTERNATIONAL STANDARD BOOK NUMBER |
| International Standard Book Number |
9788170352228 |
| 040 ## - CATALOGING SOURCE |
| Original cataloging agency |
CSPC |
| Language of cataloging |
eng |
| Transcribing agency |
CSPC |
| Description conventions |
rda |
| 082 04 - DEWEY DECIMAL CLASSIFICATION NUMBER |
| Classification number |
579.5 |
| Item number |
K529m |
| 100 1# - MAIN ENTRY--PERSONAL NAME |
| Personal name |
Khulbe, R.D., |
| Relator term |
author. |
| 245 12 - TITLE STATEMENT |
| Title |
A manual of aquatic fungi / |
| Statement of responsibility, etc. |
R.D. Khulbe. |
| 264 #1 - PRODUCTION, PUBLICATION, DISTRIBUTION, MANUFACTURE, AND COPYRIGHT NOTICE |
| Place of production, publication, distribution, manufacture |
New Delhi, India : |
| Name of producer, publisher, distributor, manufacturer |
Daya Publishing House, |
| Date of production, publication, distribution, manufacture, or copyright notice |
2001 ; Reprinted 2021. |
| 300 ## - PHYSICAL DESCRIPTION |
| Extent |
ix, 255 pages : |
| Other physical details |
illustrations ; |
| Dimensions |
23 cm. |
| 336 ## - CONTENT TYPE |
| Source |
rdacontent |
| Content type term |
text |
| 337 ## - MEDIA TYPE |
| Source |
rdamedia |
| Media type term |
unmediated |
| 338 ## - CARRIER TYPE |
| Source |
rdacarrier |
| Carrier type term |
volume |
| 504 ## - BIBLIOGRAPHY, ETC. NOTE |
| Bibliography, etc. note |
Includes bibliographical references and index. |
| 505 0# - FORMATTED CONTENTS NOTE |
| Formatted contents note |
I. Chytridiomycetes -- Blastocladiales -- Monoblepharidales -- II. Oomycetes -- Saprolegniales -- Leptomitales Lagenidiales. |
| 520 ## - SUMMARY, ETC. |
| Summary, etc. |
"Aquatic fungi contribute to the energy flow and productivity of an aquatic and semiaquatic ecosystems by their active role in the utilization and biodeterioration of organic materials. These fungi also possess the ability to parasitize aquatic plants and animals including fishes under certain conditions. Physiology, environmental needs and activity of these fungi vary with their morphological characters. The taxonomy of these fungi can not remain static. The morphological variability of these species ultimately be linked to the genetic control of their characters. A considerable amount of taxonomic studies has been carried out by a number of mycologists all over the world. The present monograph shows occurrence, distribution, taxonomic characters and keys to the species of different genera belonging to Blastocladiales, Monoblepharidales, Saprolegniales, Leptomitales and Legenidiales isolated time to time from various ecological conditions of India.<br/>The volume would be suitable for post-graduate students, teachers, researchers, administrative officers and scientists engaged in mycology, aquatic fungi, microbiology, plant pathology, fish biology, fisheries, water management and aquatic biology in India and abroad." -- Back cover |
| 650 #0 - SUBJECT ADDED ENTRY--TOPICAL TERM |
| Topical term or geographic name entry element |
Aquatic fungi. |
| 650 #0 - SUBJECT ADDED ENTRY--TOPICAL TERM |
| Topical term or geographic name entry element |
Chytridiomycetes |
| 650 #0 - SUBJECT ADDED ENTRY--TOPICAL TERM |
| Topical term or geographic name entry element |
Oomycetes. |
| 942 ## - ADDED ENTRY ELEMENTS (KOHA) |
| Source of classification or shelving scheme |
Dewey Decimal Classification |
| Suppress in OPAC |
No |
| Koha item type |
Books |
| Call number prefix |
CIR |
| Call number suffix |
2021 |
| Classification part |
579.5 |
| Item part |
K529m |